000 00687nam a2200181Ia 4500
008 090124s9999 xx 000 0 und d
082 _b100106
100 _aगडकरी राम गणेश (गोविंदाग्रज)
245 _a संगीत प्रेमसन्यास
250 _a1
260 _c1912
300 _a202
600 _aगडकरी राम गणेश (गोविंदाग्रज)
630 _a संगीत प्रेमसन्यास
700 _aगडकरी राम गणेश (गोविंदाग्रज)
730 _a संगीत प्रेमसन्यास
942 _cBOOK
999 _c146177
_d146177